000
00291nam a2200133Ia 4500
008
231129s1971||||xx |||||||||||||| ||spa||
040
_b
spa
082
_a
U813 S165n
100
_a
Salinger J.D.
245
0
_a
Nueve cuentos
260
_c
1971
264
_a
Sudamericana
942
_2
ddc
_c
BKS
999
_c
21891
_d
21891